Wireless communications (Record no. 188146)

MARC details
000 -LEADER
fixed length control field 00400nam a2200157Ia 4500
005 - DATE AND TIME OF LATEST TRANSACTION
control field 20250512120129.0
008 - FIXED-LENGTH DATA ELEMENTS--GENERAL INFORMATION
fixed length control field 231217s9999 xx 000 0 und d
020 ## - INTERNATIONAL STANDARD BOOK NUMBER
International Standard Book Number 9780198060666
082 ## - DEWEY DECIMAL CLASSIFICATION NUMBER
Classification number 621.38224 DAL;1 R
100 ## - MAIN ENTRY--PERSONAL NAME
Personal name Dalal, Upena.
245 #0 - TITLE STATEMENT
Title Wireless communications
260 ## - PUBLICATION, DISTRIBUTION, ETC. (IMPRINT)
Date of publication, distribution, etc. 2006
Name of publisher, distributor, etc. Oxford
Place of publication, distribution, etc. New Delhi
300 ## - PHYSICAL DESCRIPTION
Extent xvi, 772
650 ## - SUBJECT ADDED ENTRY--TOPICAL TERM
Topical term or geographic name as entry element Wireless,communications
942 ## - ADDED ENTRY ELEMENTS (KOHA)
Koha item type Books
Holdings
Date last seen Total Checkouts Full call number Accession number Old discount Cost, replacement price Price effective from Category Lost status Damaged status Department Withdrawn status bill no. bill date Permanent Location Current Location Shelving location Entry date Vendor Cost, normal purchase price Grants Currency symbol Conversion rate Discount Discount type
26/01/2024   621.38224 DAL;1 R 70157 25 273.75 26/01/2024 Books     Central Library   SBH/CRB/064731 25/02/2014 Central Library Central Library Central Library 28/08/2010 Sapna Book House 365.00 EC RS 1 91.25 Rupees

© For any Suggestions or Query, please contact the library staff @ librarian@pes.edu or Phone: +9180 2672 1983/ 2108.